000 00329nam a22001337a 4500
020 _a978-0-440-87098-2
082 _a823
_bWIL/H
100 _aJACQUELINE WILSON
245 _aHAPPY HOLIDAYS
260 _aUNITED KINGDOM
_bPENGUIN RANDOM HOUSE
_c2015
300 _a249
650 _aCHILDREN'S STORY BOOK
_zUNITED KINGDOM
942 _cBK
999 _c113
_d113